000 00607nam a22002177a 4500
003 UA-OsUOA
001 122782
007 ta
008 20170522b un ||||| |||| 00| 0 ukr d
100 _aГривінський Р.
090 _a94(477)
_bГ82
942 _cSA
040 _aUA-OsUOA
_bukr
_cUA-OsUOA
_dUA-OsUOA
245 _aКиївська духовна академія: відновити Загублену ланку
300 _aС.14-15
955 _a0
041 _aukr
080 _a94(477)
773 0 _w122780
650 7 _a9 Географія. Біографії. Історія
_2UDC
999 _c409438
_d409438